Excel sales forecasting for dummies
A guide to using Microsoft Excel to organize and forecast sales data.
Bewaard in:
| Hoofdauteur: | |
|---|---|
| Formaat: | Boek |
| Taal: | Undetermined |
| Gepubliceerd in: |
Hoboken, NJ
John Wiley & Sons
2016
|
| Onderwerpen: | |
| Tags: |
Voeg label toe
Geen labels, Wees de eerste die dit record labelt!
|
| Thư viện lưu trữ: | Trung tâm Học liệu Trường Đại học Cần Thơ |
|---|
| LEADER | 00668nam a2200205Ia 4500 | ||
|---|---|---|---|
| 001 | CTU_227839 | ||
| 008 | 210402s9999 xx 000 0 und d | ||
| 082 | |a 658.818 | ||
| 082 | |b C278 | ||
| 100 | |a Carlberg, Conrad George | ||
| 245 | 0 | |a Excel sales forecasting for dummies | |
| 245 | 0 | |c Conrad Carlberg | |
| 260 | |a Hoboken, NJ | ||
| 260 | |b John Wiley & Sons | ||
| 260 | |c 2016 | ||
| 520 | |a A guide to using Microsoft Excel to organize and forecast sales data. | ||
| 650 | |a Dự báo bán hàng,Sales forecasting | ||
| 650 | |x Xử lý dữ liệu,Data processing | ||
| 910 | |b nthai | ||
| 980 | |a Trung tâm Học liệu Trường Đại học Cần Thơ | ||